00329 a2200097 4500001001000000005001700010008004100027245006100068100002400129773007800153ART_1155620260410161858.0260409a 10aThe median voter rule and the theory of political choice1 aComanor, William S.0 tJournal of public economicsg- Vol. 5, NÂș 1/2 (ene./feb. 1976)wREV11485